Statistics for Rock Bands by Lead Singer

Click here to take the quiz!

General Stats

  • This quiz has been taken 159 times
  • The average score is 16 of 20

Answer Stats

SingerBand% Correct
John LennonBeatles
99%
Axl RoseGuns 'N Roses
99%
Kurt CobainNirvana
98%
Freddy MercuryQueen
98%
Mick JaggerRolling Stones
95%
Ozzy OsbourneBlack Sabbath
94%
BonoU2
93%
Steven TylerAerosmith
91%
Jim MorrisonThe Doors
87%
John BongioviBon Jovi
86%
Robert PlantLed Zeppelin
83%
Chris MartinColdplay
80%
Phil CollinsGenesis
79%
Billie ArmstrongGreen Day
78%
Adam LevineMaroon 5
74%
Roger WatersPink Floyd
67%
Barry GibbBee Gees
65%
Chester BenningtonLinkin Park
49%
EminemD12
27%
Mick JonesForeigner
15%

Score Distribution

Percentile by Number Answered

Percent of People with Each Score

Your Score History

You have not taken this quiz